A palántanevelő és hajtató berendezések vizsgálata
Elmentve itt :
| Szerző: | |
|---|---|
| További közreműködők: | |
| Dokumentumtípus: | Szakdolgozat |
| Megjelent: |
2000
|
| Kulcsszavak: | Mezőgazdasági gépek Növénytermesztés gépei Palántanevelő berendezés Hajtató gép |
| Tárgyszavak: | |
| Online Access: | http://diploma.bibl.u-szeged.hu/100623 |
| LEADER | 00796nta a2200241 i 4500 | ||
|---|---|---|---|
| 001 | dipl100623 | ||
| 005 | 20211123090354.0 | ||
| 008 | 211118s2000 hu om 0|| hun d | ||
| 040 | |a SZTE Diploma Repozitórium |b hun | ||
| 041 | |a hun | ||
| 100 | 1 | |a Békefi Pál | |
| 245 | 1 | 2 | |a A palántanevelő és hajtató berendezések vizsgálata |h [elektronikus dokumentum] / |c Pál Békefi |
| 260 | |c 2000 | ||
| 300 | |a 37 | ||
| 650 | 4 | |a Agrár | |
| 650 | 4 | |a Agricultural sciences | |
| 650 | 4 | |a Agriculture, forestry and fisheries | |
| 695 | |a Mezőgazdasági gépek | ||
| 695 | |a Növénytermesztés gépei | ||
| 695 | |a Palántanevelő berendezés | ||
| 695 | |a Hajtató gép | ||
| 700 | 1 | |a Fodor Dezső |e ths | |
| 856 | 4 | 0 | |u http://diploma.bibl.u-szeged.hu/id/eprint/100623/1/2000_bekefi_pal.pdf |z Dokumentum-elérés |